| 000 | 00476cam a2200205 4500 | ||
|---|---|---|---|
| 001 | D2205 | ||
| 008 | 090401t1958 xxu||||| |||| 00| 0 eng d | ||
| 035 | _a(Sirsi) u68038 | ||
| 041 | _aeng | ||
| 050 | _a694.012 | ||
| 100 | _aCartwright, K.St.G | ||
| 245 | _aDecay of timber and its prevention | ||
| 250 | _a2nd | ||
| 260 |
_aLondon _bHMSO _c1958 |
||
| 300 | _axv. 332p. ill. 24cm | ||
| 350 | _a1.35 | ||
| 700 | _aFindlay, W.P.K. | ||
| 942 | _n0 | ||
| 948 | _c04/03/1997 | ||
| 999 |
_c95067 _d95067 |
||